| 000 | 01421cam a22003734a 4500 | ||
|---|---|---|---|
| 001 | 12849425 | ||
| 003 | OSt | ||
| 005 | 20140310182029.0 | ||
| 008 | 020710s2003 mnua c b 001 0 eng | ||
| 010 | _a 2002010826 | ||
| 020 | _a0736815570 (hardcover) | ||
| 040 |
_aDLC _cDLC _dDLC |
||
| 042 |
_apcc _alcac |
||
| 043 | _an-us--- | ||
| 050 | 0 | 0 |
_aHC 105 _b.B13 2003 |
| 082 | 0 | 0 |
_aHS 330.973 _bB14 2003 |
| 100 | 1 |
_aBagley, Katie _910147 |
|
| 245 | 1 | 4 |
_aThe early American Industrial Revolution, 1793-1850 / _cKatie Bagley. |
| 260 |
_aMankato, MN. : _bBridgestone Books, _cc2003. |
||
| 300 |
_a48 p. : _bcol. ill. ; _c24 cm. |
||
| 440 | 0 |
_aLet freedom ring _910148 |
|
| 500 | _aIncludes bibliographical references (p. 45) and index. | ||
| 650 | 0 |
_aIndustrial revolution _zUnited States _vJuvenile literature. _910149 |
|
| 650 | 0 |
_aIndustries _zUnited States _xHistory _vJuvenile literature. _910150 |
|
| 650 | 1 |
_aIndustrial revolution _zUnited States. _910151 |
|
| 650 | 1 |
_aIndustries _zUnited States _xHistory. _910152 |
|
| 651 | 0 |
_aUnited States _xEconomic conditions _yTo 1865 _vJuvenile literature. _910153 |
|
| 651 | 1 |
_aUnited States _xEconomic conditions _yTo 1865. _910154 |
|
| 906 |
_a7 _bcbc _corignew _d1 _eecip _f20 _gy-gencatlg |
||
| 942 |
_2lcc _cHS |
||
| 999 |
_c8542 _d8542 |
||